00705nam a2200241 a 4500001001300000003000900013005001700022008004100039020000900080082001600089100002300105245004800128260003400176300000900210500003500219505001700254650002200271700002300293902000800316942000700324952011500331999001700446nice12345678IN_TiNIC20260116013536.0050524s1990 guja grp 000 0 eng  ac5800a269.2bAMA1 aAmaladoss, Michael aMaking All Things Newb Mission in Dialogue aGujratbSahitya Prakashc1990 a284p aincludes index and biblioraphy2 aBibliography aEvangelistic Work1 aAmaladoss, Michael bSRS cBK 001040708StackRoom-aHMIbHMId2007-07-13g58.00l0o269.2 AMA1p019230r2007-07-13v58.00w2005-05-24yBK c11402d11402